000 00931 aa a2200229 4500
005 20120519135852.0
010 _a
020 _c100.00
_a
035 _aB-186126
037 _bpub
082 _a500
100 _aदेवसर, हरिकृष्ण
_947493
245 _aप्रश्न तुम्हारे उत्तर विज्ञान के /
_cहरिकृष्ण देवसर
_b
246 _a
_b
260 _aदिल्ली
_bसमक्ष आफसैट प्रोसेस
_c2004
270 _a
_bनई दिल्ली
_e
_k
300 _a80पृ
_c22 सेमी (सजिल्द)
650 _aहिन्दी उपन्यास
_947494
650 _aHindi Novel
_947495
942 _adpl
_cHN
_k
_2ddc
_h500
_mदेवस
999 _c66918
_d66918